| 000 | 00952pam a2200241 a 4500 | ||
|---|---|---|---|
| 001 | 671767 | ||
| 005 | 20250207210218.0 | ||
| 008 | 950718s1995 nyua b 001 0 eng c | ||
| 020 | _a9781572300231 | ||
| 050 | 0 | 0 |
_aRC531 _b.C87 1995 |
| 082 | 0 | 0 |
_a616.85/223 _220 |
| 245 | 0 | 0 |
_aCurrent controversies in the anxiety disorders / _cedited by Ronald M. Rapee. |
| 260 |
_aNew York : _bGuilford Press, _c1996 |
||
| 300 |
_axi, 388 p. : _bill. ; _c24 cm. |
||
| 650 | 0 | _aAnxiety. | |
| 650 | 1 | 2 | _aAnxiety Disorders. |
| 700 | 1 | _aRapee, Ronald M. | |
| 856 | 4 | 2 |
_3Contributor biographical information _uhttp://www.loc.gov/catdir/bios/guilford051/95024718.html |
| 856 | 4 | 2 |
_3Publisher description _uhttp://www.loc.gov/catdir/description/guilford051/95024718.html |
| 856 | 4 | 1 |
_3Table of contents _uhttp://www.loc.gov/catdir/toc/guilford041/95024718.html |
| 856 | 4 | 1 |
_3Sample text _uhttp://www.loc.gov/catdir/enhancements/fy0651/95024718-s.html |
| 942 |
_2lcc _cBK _n0 |
||
| 999 |
_c3624 _d3624 |
||